[Event "Saint Louis op 3rd"]
[Site "Saint Louis"]
[Date "2012.11.24"]
[Round "3"]
[White "Eckert, Doug D"]
[Black "Molner, Mackenzie"]
[Result "1/2-1/2"]
[WhiteElo "2247"]
[BlackElo "2489"]
[PlyCount "52"]
[EventDate "2012.11.23"]
[EventType "swiss"]
[EventRounds "6"]
[EventCountry "USA"]
[SourceTitle "CBM 151 Extra"]
[Source "ChessBase"]
[SourceDate "2012.12.18"]

1. c4 e5 2. g3 Nc6 3. Bg2 Nf6 4. Nc3 Bc5 5. Nf3 d6 6. d3 h6 7. a3 a6 8. O-O O-O
9. b4 Ba7 10. Bb2 Bg4 11. h3 Be6 12. e3 Qd7 13. Kh2 Rad8 14. Qc2 Ne7 15. Rfd1
Qc8 16. Rac1 Ng6 17. Na4 Rfe8 18. c5 Bd7 19. cxd6 cxd6 20. Qxc8 Rxc8 21. Nc3
Bc6 22. a4 Nd5 23. Nxd5 Bxd5 24. Nd2 Bxg2 25. Kxg2 f5 26. Nc4 Rcd8 1/2-1/2

[Event "Saint Louis op 3rd"]
[Site "Saint Louis"]
[Date "2012.11.24"]
[Round "4"]
[White "Molner, Mackenzie"]
[Black "Kavutskiy, Konstantin"]
[Result "1-0"]
[WhiteElo "2489"]
[BlackElo "2301"]
[PlyCount "71"]
[EventDate "2012.11.23"]
[EventType "swiss"]
[EventRounds "6"]
[EventCountry "USA"]
[SourceTitle "CBM 151 Extra"]
[Source "ChessBase"]
[SourceDate "2012.12.18"]

1. e4 e5 2. Nf3 Nc6 3. Bc4 Bc5 4. O-O d6 5. c3 Nf6 6. d3 Bb6 7. Nbd2 Ne7 8. Bb3
c6 9. Re1 Ng6 10. Nf1 O-O 11. Ng3 Be6 12. d4 Bxb3 13. Qxb3 Re8 14. Be3 h6 15.
h3 Qc7 16. Rad1 Rad8 17. Qc2 Qc8 18. c4 exd4 19. Bxd4 Bxd4 20. Nxd4 d5 21. exd5
cxd5 22. c5 Ne4 23. Ngf5 Qc7 24. b4 a6 25. f3 Nf6 26. a4 Qf4 27. g3 Qc7 28. Kf2
h5 29. h4 Nf8 30. Qd2 N6h7 31. Rxe8 Rxe8 32. Re1 Rxe1 33. Qxe1 a5 34. Qe7 Qxe7
35. Nxe7+ Kh8 36. bxa5 1-0

[Event "Saint Louis op 3rd"]
[Site "Saint Louis"]
[Date "2012.11.25"]
[Round "5"]
[White "Sarkar, Justin"]
[Black "Molner, Mackenzie"]
[Result "1-0"]
[WhiteElo "2414"]
[BlackElo "2489"]
[PlyCount "84"]
[EventDate "2012.11.23"]
[EventType "swiss"]
[EventRounds "6"]
[EventCountry "USA"]
[SourceTitle "CBM 151 Extra"]
[Source "ChessBase"]
[SourceDate "2012.12.18"]

1. d4 Nf6 2. c4 g6 3. Nc3 d5 4. Qb3 dxc4 5. Qxc4 Bg7 6. e4 O-O 7. Be2 Nc6 8.
Nf3 e5 9. d5 Nd4 10. Nxd4 exd4 11. Qxd4 c6 12. Qc4 cxd5 13. exd5 Bf5 14. O-O
Re8 15. Bf3 Rc8 16. Qb3 Bd3 17. Rd1 b5 18. Be3 Bc4 19. Qc2 b4 20. Ne2 Bh6 21.
Nf4 Bxf4 22. Bxf4 Bxd5 23. Qd3 Bxf3 24. Qxf3 Qa5 25. h3 Qf5 26. g4 Qe4 27. Qxe4
Nxe4 28. Rd4 a5 29. Re1 Nc5 30. Rxe8+ Rxe8 31. Rd5 Ne6 32. Bh6 Ra8 33. Rb5 f6
34. h4 Nd8 35. Kg2 Kf7 36. Bf4 Ra7 37. Be3 Ra6 38. Kf3 Ke6 39. Ke4 Nc6 40. f4
a4 41. f5+ gxf5+ 42. gxf5+ Kd7 1-0

[Event "Saint Louis CCSCSL GM"]
[Site "Saint Louis"]
[Date "2012.11.26"]
[Round "1"]
[White "Molner, Mackenzie"]
[Black "Neimer, Vitaly"]
[Result "0-1"]
[WhiteElo "2489"]
[BlackElo "2411"]
[PlyCount "135"]
[EventDate "2012.11.26"]
[EventType "tourn"]
[EventRounds "9"]
[EventCountry "USA"]
[EventCategory "9"]
[SourceTitle "CBM 151 Extra"]
[Source "ChessBase"]
[SourceDate "2012.12.18"]

1. e4 e5 2. Nf3 Nc6 3. Bc4 Bc5 4. O-O Nf6 5. d4 Bxd4 6. Nxd4 Nxd4 7. f4 d6 8.
fxe5 dxe5 9. Bg5 Qe7 10. Na3 Rg8 11. Kh1 h6 12. c3 Ne6 13. Bxf6 gxf6 14. Nc2 c6
15. Ne3 Nc5 16. Qf3 Rg6 17. b4 Na4 18. Rac1 a5 19. b5 Qc5 20. bxc6 bxc6 21. Bb3
Nb6 22. a4 Ra7 23. Rb1 Rc7 24. Qf2 Rd7 25. Bd1 Ba6 26. Nf5 Qxf2 27. Rxf2 Kd8
28. Bh5 Nxa4 29. Bxg6 Nxc3 30. Rc1 Nxe4 31. Ra2 fxg6 32. Rxa5 gxf5 33. Rxa6 c5
34. g3 Ke7 35. Rc2 Kf7 36. Kg2 Kg6 37. Ra8 Rd4 38. Rc8 h5 39. Rg8+ Kh7 40. Rc8
Rd3 41. Ra2 f4 42. gxf4 exf4 43. Re8 f3+ 44. Kh3 f2+ 45. Kg2 Rd1 46. Rxf2 Nxf2
47. Kxf2 c4 48. Rc8 Rd4 49. Kg3 Kg6 50. h4 Rd3+ 51. Kf4 Rd4+ 52. Kg3 Rg4+ 53.
Kh3 Rd4 54. Kg3 Kf5 55. Rc5+ Ke4 56. Rxh5 f5 57. Rh8 c3 58. h5 Rd3+ 59. Kh4 f4
60. Rc8 Kf3 61. Rc4 Ke3 62. h6 f3 63. h7 f2 64. h8=Q f1=Q 65. Qe5+ Kd2 66. Qg5+
Kd1 67. Qg4+ Qe2 68. Qg5 0-1

[Event "Saint Louis CCSCSL GM"]
[Site "Saint Louis"]
[Date "2012.11.27"]
[Round "3"]
[White "Molner, Mackenzie"]
[Black "Zierk, Steven C"]
[Result "0-1"]
[WhiteElo "2489"]
[BlackElo "2475"]
[PlyCount "142"]
[EventDate "2012.11.26"]
[EventType "tourn"]
[EventRounds "9"]
[EventCountry "USA"]
[EventCategory "9"]
[SourceTitle "CBM 151 Extra"]
[Source "ChessBase"]
[SourceDate "2012.12.18"]

1. e4 e6 2. d4 d5 3. Nc3 Bb4 4. e5 c5 5. a3 Bxc3+ 6. bxc3 Qa5 7. Bd2 Qa4 8. Qg4
Kf8 9. Qd1 b6 10. c4 Ne7 11. dxc5 bxc5 12. cxd5 exd5 13. Nf3 Ba6 14. c4 Qxd1+
15. Rxd1 d4 16. Bd3 Nbc6 17. O-O Ng6 18. e6 f6 19. Be4 Rc8 20. Bd5 Ke7 21. Rb1
Nce5 22. Nxe5 Nxe5 23. Rfc1 Rb8 24. Bf4 Rb6 25. Rxb6 axb6 26. Bxe5 fxe5 27. f4
exf4 28. Rb1 Rb8 29. a4 Kd6 30. Kf2 Bc8 31. Re1 Bb7 32. Bxb7 Rxb7 33. Kf3 Re7
34. Rb1 Kxe6 35. Kxf4 Rb7 36. a5 Kd6 37. a6 Rf7+ 38. Ke4 Kc6 39. Ra1 Re7+ 40.
Kf5 Re8 41. h4 d3 42. Ra3 Rd8 43. a7 Kb7 44. a8=Q+ Rxa8 45. Rxd3 Rf8+ 46. Ke5
Re8+ 47. Kf5 Kc6 48. Ra3 Re7 49. h5 Rb7 50. Ra6 Rf7+ 51. Ke5 g6 52. hxg6 hxg6
53. Ke4 Rd7 54. Ra4 Rd4+ 55. Ke3 Kb7 56. Kf3 b5 57. Ra5 bxc4 58. Rxc5 Kb6 59.
Rc8 Kb5 60. Rb8+ Kc5 61. Rc8+ Kb4 62. Ke3 Rd5 63. Rb8+ Kc3 64. g4 Kc2 65. Ke4
Ra5 66. Rb6 g5 67. Rf6 c3 68. Rb6 Kc1 69. Kd3 c2 70. Rc6 Kd1 71. Rxc2 Ra3+ 0-1

[Event "Saint Louis CCSCSL GM"]
[Site "Saint Louis"]
[Date "2012.11.27"]
[Round "4"]
[White "Sarkar, Justin"]
[Black "Molner, Mackenzie"]
[Result "1/2-1/2"]
[WhiteElo "2414"]
[BlackElo "2489"]
[PlyCount "62"]
[EventDate "2012.11.26"]
[EventType "tourn"]
[EventRounds "9"]
[EventCountry "USA"]
[EventCategory "9"]
[SourceTitle "CBM 151 Extra"]
[Source "ChessBase"]
[SourceDate "2012.12.18"]

1. d4 Nf6 2. c4 e6 3. Nc3 Bb4 4. Qc2 d5 5. cxd5 exd5 6. Bg5 h6 7. Bh4 c5 8.
dxc5 Nc6 9. e3 g5 10. Bg3 Ne4 11. Bd3 Bxc3+ 12. bxc3 Nxc5 13. Nf3 Be6 14. h4 g4
15. Ne5 Rc8 16. Nxc6 Nxd3+ 17. Qxd3 Rxc6 18. Qd4 O-O 19. Qxa7 Rxc3 20. O-O b6
21. Rab1 Rc6 22. Qb7 Qa8 23. Rxb6 Rxb6 24. Qxb6 Qxa2 25. Be5 Qc2 26. Ba1 Kh7
27. Qd4 Rg8 28. Bc3 Qe4 29. Ra1 Qxd4 30. Bxd4 Kg6 31. Kh2 Rc8 1/2-1/2

[Event "Saint Louis CCSCSL GM"]
[Site "Saint Louis"]
[Date "2012.11.28"]
[Round "6"]
[White "Molner, Mackenzie"]
[Black "Priyadharshan, K."]
[Result "1-0"]
[WhiteElo "2489"]
[BlackElo "2408"]
[PlyCount "89"]
[EventDate "2012.11.26"]
[EventType "tourn"]
[EventRounds "9"]
[EventCountry "USA"]
[EventCategory "9"]
[SourceTitle "CBM 151 Extra"]
[Source "ChessBase"]
[SourceDate "2012.12.18"]

1. e4 e5 2. Nf3 Nc6 3. Bc4 Bc5 4. b4 Bxb4 5. c3 Be7 6. d4 Na5 7. Bd3 d6 8. dxe5
dxe5 9. Nxe5 Nf6 10. O-O O-O 11. Qc2 c5 12. Nd2 Qc7 13. f4 b6 14. Bb2 Bb7 15.
c4 Rad8 16. Rae1 h6 17. Ndf3 Nh5 18. Bc1 Nf6 19. Nh4 Bc8 20. Qe2 Ne8 21. Nhf3
Nd6 22. f5 Rfe8 23. Bf4 Bf8 24. Qf2 Ndxc4 25. Qg3 Nxe5 26. Nxe5 c4 27. Bc2 Qc5+
28. Kh1 Rxe5 29. Bxe5 Nc6 30. Bc3 Nd4 31. Bxd4 Rxd4 32. e5 Rd2 33. Be4 Qc7 34.
Qc3 Rxa2 35. e6 Ra3 36. Qd4 f6 37. Bd5 Be7 38. Qxc4 Qxc4 39. Bxc4 g6 40. Ra1
Rxa1 41. Rxa1 a5 42. Rb1 Bb7 43. Rxb6 Be4 44. Rb8+ Kg7 45. Re8 1-0

[Event "Saint Louis CCSCSL GM"]
[Site "Saint Louis"]
[Date "2012.11.29"]
[Round "7"]
[White "Boros, Denes"]
[Black "Molner, Mackenzie"]
[Result "1/2-1/2"]
[WhiteElo "2494"]
[BlackElo "2489"]
[Annotator "Mac"]
[PlyCount "248"]
[EventDate "2012.11.26"]
[EventType "tourn"]
[EventRounds "9"]
[EventCountry "USA"]
[EventCategory "9"]
[SourceTitle "CBM 151 Extra"]
[Source "ChessBase"]
[SourceDate "2012.12.18"]

1. c4 c5 2. Nf3 Nf6 3. Nc3 Nc6 4. e3 e6 5. d4 d5 6. cxd5 (6. Be2 cxd4 7. exd4
Be7 8. O-O O-O 9. c5 b6 10. Bb5 Bd7 11. Bxc6 Bxc6 12. b4 Ne4 13. Qc2 Nxc3 (
13... a5 $132) 14. Qxc3) (6. a3 a6) 6... exd5 7. Be2 (7. Bb5 Bd6) 7... Be7 (
7... c4 $5 8. O-O Bb4 9. Bd2 O-O 10. b3 Bxc3 (10... cxb3 11. Qxb3 Bd6 {[%cal
Yc6a5,Ya7a6,Yb7b5]}) 11. Bxc3 b5 12. Ne5 Qc7 13. a4 Ne4) 8. dxc5 Bxc5 9. O-O
O-O 10. b3 (10. a3 a6 11. b4 Ba7 (11... Bd6 $5 12. Bb2) 12. Bb2 Be6 (12... Bg4
$6 13. Rc1 Re8 14. h3 Bh5) 13. Na4 Ne4 14. Nd4 Rc8) 10... a6 11. Bb2 Ba7 12.
Na4 Ne4 13. Rc1 Re8 14. Nd4 Ne5 15. Nc3 Nf6 16. Nf3 Neg4 17. h3 Nxf2 (17...
Nxe3 18. fxe3 Bxe3+) 18. Rxf2 Bxe3 19. Qd3 d4 20. Nd1 Bxc1 21. Bxc1 Ne4 22.
Qxd4 Bf5 23. Ne3 Nxf2 24. Kxf2 Qxd4 25. Nxd4 Be4 26. a4 Rad8 27. Bb2 Rd7 28.
Bg4 f5 29. Be2 f4 30. Nc4 Rde7 31. Nd6 Rd8 32. Bc4+ Kh8 33. Nf7+ Rxf7 34. Bxf7
h6 35. Bc3 Kh7 36. Bc4 g5 37. a5 Kg6 38. Ne6 Re8 39. Bd4 Bc6 40. Bb6 Be4 41.
Nd4 h5 42. Ne6 h4 43. Nd4 Rc8 44. Ne2 Bc6 45. Bd3+ Kf7 46. Bc4+ Kg6 47. Bd3+
Kf7 48. Nc3 Re8 49. Be2 Kg6 50. Bd1 Re7 51. Bg4 Re8 52. Ne2 Bd5 53. Nd4 Re5 54.
Bc8 Re8 55. Bf5+ Kf6 56. Bd7 Rg8 57. b4 Ke7 58. Bg4 Kf7 59. Nf5 Rb8 60. Bc7 Rh8
61. Be5 Rd8 62. Bc7 Rh8 63. Bb6 Rb8 64. Nd6+ Kf6 65. Nc8 Be4 66. Ba7 Ra8 67.
Bd4+ Kg6 68. Be5 Kh7 69. Be6 Bc6 70. Bf5+ Kh6 71. Bd6 Kg7 72. Be7 Kh6 73. Bf8+
Kh5 74. Bd6 Kh6 75. Bc5 Kh5 76. Bd4 Kh6 77. Bg4 Be4 78. Bc5 Kg6 79. Nd6 Bd5 80.
Bc8 Rb8 81. Ba7 Ra8 82. Bd4 Kh5 83. Bg7 Kg6 84. Be5 Ra7 85. Bf5+ Kh6 86. Nc8
Ra8 87. Bc7 Bc6 88. Ne7 Rf8 89. Be5 Bd5 90. Bd6 Rd8 91. Bg4 Be4 92. Bf3 Bxf3
93. Kxf3 Kh5 94. Nf5 Kg6 95. Ke4 Re8+ 96. Be7 Rc8 97. Bc5 Re8+ 98. Ne7+ Kf6 99.
Kd4 Ke6 100. Ng6 Kf6 101. Ne7 Ke6 102. Ke4 Kf6 103. Bd6 Ke6 104. Nf5 Kf6+ 105.
Be7+ Kg6 106. Ke5 Rc8 107. Bc5 Re8+ 108. Ne7+ Kh5 109. Kd6 g4 110. Nd5 Kg5 111.
hxg4 Re2 112. Kc7 Rxg2 113. Be7+ Kxg4 114. Bxh4 f3 115. Be7 f2 116. Bc5 Kf5
117. Kxb7 Ke5 118. Ne3 Ke6 119. Kxa6 Rg1 120. Kb7 Re1 121. Nf1 Rxf1 122. a6 Rb1
123. Bxf2 Rxb4+ 124. Bb6 Ra4 1/2-1/2

[Event "Saint Louis CCSCSL GM"]
[Site "Saint Louis"]
[Date "2012.11.30"]
[Round "8"]
[White "Molner, Mackenzie"]
[Black "Diamant, Andre"]
[Result "1/2-1/2"]
[WhiteElo "2489"]
[BlackElo "2481"]
[PlyCount "22"]
[EventDate "2012.11.26"]
[EventType "tourn"]
[EventRounds "9"]
[EventCountry "USA"]
[EventCategory "9"]
[SourceTitle "CBM 151 Extra"]
[Source "ChessBase"]
[SourceDate "2012.12.18"]

1. e4 c5 2. Nf3 Nc6 3. d4 cxd4 4. Nxd4 g6 5. c4 Nf6 6. Nc3 Nxd4 7. Qxd4 d6 8.
Be2 Bg7 9. Be3 O-O 10. Qd2 Be6 11. O-O Qa5 1/2-1/2

[Event "Saint Louis CCSCSL GM"]
[Site "Saint Louis"]
[Date "2012.11.30"]
[Round "9"]
[White "Yang, Darwin"]
[Black "Molner, Mackenzie"]
[Result "1-0"]
[WhiteElo "2493"]
[BlackElo "2489"]
[PlyCount "87"]
[EventDate "2012.11.26"]
[EventType "tourn"]
[EventRounds "9"]
[EventCountry "USA"]
[EventCategory "9"]
[SourceTitle "CBM 151 Extra"]
[Source "ChessBase"]
[SourceDate "2012.12.18"]

1. d4 Nf6 2. c4 e6 3. g3 d5 4. Nf3 dxc4 5. Bg2 Nc6 6. Qa4 Bb4+ 7. Bd2 Nd5 8.
Bxb4 Ndxb4 9. O-O Rb8 10. Nc3 a6 11. Ne5 Qxd4 12. Nxc6 Nxc6 13. Bxc6+ bxc6 14.
Qxc6+ Bd7 15. Qxc7 Rc8 16. Qb7 Qc5 17. Rfd1 Qc6 18. Qb4 Qc5 19. Qxc5 Rxc5 20.
Ne4 Rc7 21. Rac1 Ke7 22. b3 e5 23. Nd6 Be6 24. Nxc4 Rhc8 25. Rc2 a5 26. Rdc1 a4
27. f3 f5 28. Kf2 g5 29. Rd1 Rc6 30. Rcd2 Bxc4 31. bxc4 R8c7 32. Rd5 Ke6 33.
Ra5 Rc5 34. Rxa4 Rxc4 35. Ra6+ R4c6 36. Rxc6+ Rxc6 37. a4 e4 38. fxe4 fxe4 39.
a5 Kf5 40. Ra1 Ra6 41. h3 h5 42. Ke3 Ke5 43. Ra2 Kd5 44. Ra4 1-0

[Event "Los Angeles Metropolitan 24th"]
[Site "Los Angeles"]
[Date "2013.02.21"]
[Round "2"]
[White "Sharma, Arun"]
[Black "Molner, Mackenzie"]
[Result "1/2-1/2"]
[WhiteElo "2371"]
[BlackElo "2459"]
[PlyCount "28"]
[EventDate "2013.02.20"]
[EventType "tourn"]
[EventRounds "9"]
[EventCountry "USA"]
[EventCategory "8"]
[SourceTitle "CBM 153 Extra"]
[Source "ChessBase"]
[SourceDate "2013.04.22"]

1. d4 e6 2. c4 Nf6 3. Nf3 c5 4. d5 b5 5. Bg5 b4 6. Qc2 d6 7. e4 e5 8. Be3 Ng4
9. Bc1 g6 10. h3 Nf6 11. g4 h5 12. g5 Nfd7 13. Be3 a5 14. a3 Bb7 1/2-1/2

[Event "Los Angeles Metropolitan 24th"]
[Site "Los Angeles"]
[Date "2013.02.21"]
[Round "3"]
[White "Molner, Mackenzie"]
[Black "Kretchetov, Alexandre"]
[Result "1-0"]
[WhiteElo "2459"]
[BlackElo "2276"]
[PlyCount "103"]
[EventDate "2013.02.20"]
[EventType "tourn"]
[EventRounds "9"]
[EventCountry "USA"]
[EventCategory "8"]
[SourceTitle "CBM 153 Extra"]
[Source "ChessBase"]
[SourceDate "2013.04.22"]

1. c4 e5 2. g3 Nc6 3. Nc3 d6 4. Bg2 Be6 5. d3 Qd7 6. b4 g6 7. b5 Nd8 8. Nf3 h6
9. a4 Bg7 10. Ba3 f5 11. Rc1 Ne7 12. O-O O-O 13. Nd2 g5 14. c5 Ng6 15. cxd6
cxd6 16. Nd5 Rc8 17. Rxc8 Qxc8 18. Bxd6 Rf7 19. Nc4 e4 20. b6 Bxd5 21. bxa7
Bxc4 22. Bb8 Nc6 23. a8=Q Ba6 24. dxe4 f4 25. e5 Nge7 26. Qc2 Bxe5 27. Bxc6
Nxc6 28. Qxa6 bxa6 29. Bxe5 Qe6 30. Ba1 Rd7 31. Rd1 Rxd1+ 32. Qxd1 Kf7 33. Qd3
Nb4 34. Qh7+ Ke8 35. Qh8+ Kd7 36. Qg7+ Ke8 37. Qe5 Kd7 38. Qg7+ Ke8 39. Qe5 Kd7
40. Qd4+ Nd5 41. Bc3 Kc6 42. Qc4+ Kd7 43. Bd2 Ke7 44. Qd4 Kd6 45. gxf4 Qg4+ 46.
Kf1 Qh3+ 47. Ke1 Qg2 48. e4 Qg1+ 49. Ke2 Qg4+ 50. Kd3 Qh3+ 51. Kc2 Qc8+ 52. Kb1
1-0

[Event "Los Angeles Metropolitan 24th"]
[Site "Los Angeles"]
[Date "2013.02.22"]
[Round "4"]
[White "Sevian, Samuel"]
[Black "Molner, Mackenzie"]
[Result "1/2-1/2"]
[WhiteElo "2373"]
[BlackElo "2459"]
[PlyCount "42"]
[EventDate "2013.02.20"]
[EventType "tourn"]
[EventRounds "9"]
[EventCountry "USA"]
[EventCategory "8"]
[SourceTitle "CBM 153 Extra"]
[Source "ChessBase"]
[SourceDate "2013.04.22"]

1. e4 c5 2. Nf3 e6 3. d4 cxd4 4. Nxd4 a6 5. c4 Nf6 6. Nc3 Bb4 7. Bd2 O-O 8. e5
Ne8 9. Ne4 Bxd2+ 10. Qxd2 Qc7 11. Nf3 Nc6 12. Qc3 d6 13. exd6 Nxd6 14. Bd3 e5
15. Nxd6 Qxd6 16. Be4 Nd4 17. Rd1 Rd8 18. Nxd4 exd4 19. Qd3 Qb4+ 20. Rd2 Be6
21. b3 g6 1/2-1/2

[Event "Los Angeles Metropolitan 24th"]
[Site "Los Angeles"]
[Date "2013.02.22"]
[Round "5"]
[White "Molner, Mackenzie"]
[Black "Matikozian, Andranik"]
[Result "1-0"]
[WhiteElo "2459"]
[BlackElo "2429"]
[PlyCount "111"]
[EventDate "2013.02.20"]
[EventType "tourn"]
[EventRounds "9"]
[EventCountry "USA"]
[EventCategory "8"]
[SourceTitle "CBM 153 Extra"]
[Source "ChessBase"]
[SourceDate "2013.04.22"]

1. e4 e5 2. Nf3 Nc6 3. d4 exd4 4. Nxd4 Nf6 5. Nc3 Bb4 6. Nxc6 bxc6 7. Bd3 d5 8.
exd5 cxd5 9. O-O O-O 10. Bg5 Be6 11. f4 h6 12. Bh4 d4 13. Bxf6 Qxf6 14. Ne4 Qg6
15. a3 Be7 16. Qf3 Bf5 17. Rae1 Rfe8 18. Nd2 Bf8 19. Nc4 Bxd3 20. cxd3 Rab8 21.
Ne5 Qd6 22. Re2 c5 23. Rfe1 Qc7 24. g3 Qb7 25. Qh5 Qd5 26. Qg4 h5 27. Qh3 Bd6
28. Nc4 Rxe2 29. Rxe2 Bf8 30. Re5 Qf3 31. Qf1 Qxf1+ 32. Kxf1 g6 33. Rd5 Rb7 34.
Rd8 f6 35. Ke2 Kf7 36. Rc8 Be7 37. Rc6 Ke8 38. Rxf6 Rxb2+ 39. Nxb2 Bxf6 40. Kf3
Kd7 41. Ke4 Ke6 42. Nc4 Bg7 43. Na5 a6 44. Nc4 Bf6 45. h3 Bg7 46. g4 hxg4 47.
hxg4 Bf6 48. g5 Bg7 49. Ne5 Bxe5 50. fxe5 a5 51. a4 c4 52. dxc4 d3 53. Kxd3
Kxe5 54. Ke3 Kf5 55. Kd4 Kxg5 56. Ke5 1-0

[Event "Los Angeles Metropolitan 24th"]
[Site "Los Angeles"]
[Date "2013.02.23"]
[Round "7"]
[White "Khachiyan, Melikset"]
[Black "Molner, Mackenzie"]
[Result "1/2-1/2"]
[WhiteElo "2507"]
[BlackElo "2459"]
[PlyCount "29"]
[EventDate "2013.02.20"]
[EventType "tourn"]
[EventRounds "9"]
[EventCountry "USA"]
[EventCategory "8"]
[SourceTitle "CBM 153 Extra"]
[Source "ChessBase"]
[SourceDate "2013.04.22"]

1. Nf3 c5 2. g3 Nc6 3. Bg2 g6 4. c3 Bg7 5. d4 cxd4 6. cxd4 d5 7. O-O Nh6 8.
Bxh6 Bxh6 9. Nc3 O-O 10. Ne5 e6 11. Nxc6 bxc6 12. Na4 Qd6 13. e3 e5 14. dxe5
Qxe5 15. Rc1 1/2-1/2

[Event "Las Vegas National op"]
[Site "Las Vegas"]
[Date "2013.06.07"]
[Round "2"]
[White "Molner, Mackenzie"]
[Black "Yanayt, Eugene"]
[Result "1-0"]
[WhiteElo "2470"]
[BlackElo "2230"]
[PlyCount "93"]
[EventDate "2013.06.07"]
[EventType "swiss"]
[EventRounds "6"]
[EventCountry "USA"]
[SourceTitle "CBM 154 Extra"]
[Source "ChessBase"]
[SourceDate "2013.06.25"]

1. d4 Nf6 2. c4 g6 3. Nc3 Bg7 4. e4 d6 5. Nf3 O-O 6. Be2 e5 7. O-O Nc6 8. d5
Ne7 9. Ne1 Nd7 10. Be3 f5 11. f3 f4 12. Bf2 g5 13. Rc1 Rf6 14. Nd3 Kh8 15. c5
Nxc5 16. Nxc5 dxc5 17. Bxc5 Ng8 18. Bf2 a6 19. Na4 Bf8 20. Nc5 Bd6 21. Qb3 Rh6
22. Rfd1 Qe8 23. Ne6 Bxe6 24. dxe6 b5 25. Ra1 Rxe6 26. a4 Rb8 27. axb5 axb5 28.
Ra5 c6 29. Ra7 Rg6 30. Qc3 Ra8 31. Rxa8 Qxa8 32. Rxd6 Rxd6 33. Qxe5+ Rf6 34.
Bd4 Qd8 35. b4 h6 36. Bd1 Qf8 37. Bc3 Qf7 38. Qd4 Kg7 39. Bc2 Qe7 40. Bb3 Kf8
41. Bxg8 Rd6 42. Qh8 Qa7+ 43. Kf1 Qe3 44. Be6+ Ke7 45. Qf6+ Ke8 46. Qf7+ Kd8
47. Bf6# 1-0

[Event "Las Vegas National op"]
[Site "Las Vegas"]
[Date "2013.06.08"]
[Round "4"]
[White "Gelashvili, Tamaz"]
[Black "Molner, Mackenzie"]
[Result "1-0"]
[WhiteElo "2560"]
[BlackElo "2470"]
[PlyCount "119"]
[EventDate "2013.06.07"]
[EventType "swiss"]
[EventRounds "6"]
[EventCountry "USA"]
[SourceTitle "CBM 154 Extra"]
[Source "ChessBase"]
[SourceDate "2013.06.25"]

1. d4 Nf6 2. Nf3 g6 3. g3 Bg7 4. Bg2 d5 5. c4 dxc4 6. Qa4+ Nfd7 7. Nbd2 O-O 8.
Nxc4 Nc6 9. O-O Nxd4 10. Nxd4 Bxd4 11. Bh6 Bg7 12. Bxg7 Kxg7 13. Rfd1 Qe8 14.
Bxb7 Bxb7 15. Qxd7 Ba6 16. Qd4+ f6 17. b3 e5 18. Qc5 Rf7 19. Rac1 Qe6 20. Qd5
Re8 21. Rd2 h5 22. Qxe6 Rxe6 23. Kf1 Rc6 24. Rdc2 Rd7 25. Ke1 g5 26. Na5 Rxc2
27. Rxc2 Bc8 28. Rc4 Kg6 29. Nc6 a6 30. b4 Rh7 31. a3 g4 32. Rc3 Kg5 33. Na5 h4
34. Nb3 Rd7 35. Nc5 hxg3 36. hxg3 Rd4 37. Rd3 Rxd3 38. Nxd3 Kf5 39. Nc5 e4 40.
Kd2 Ke5 41. Kc3 Kd5 42. e3 a5 43. Kb3 Bf5 44. Na6 axb4 45. Kxb4 Kc6 46. Nc5 Kd5
47. a4 Bg6 48. Nd7 f5 49. a5 Kd6 50. a6 Bf7 51. Nf6 Kc6 52. Ka5 Be6 53. Nh5 Bc8
54. Nf4 Kd6 55. Ne2 Kd5 56. a7 Bb7 57. Nd4 Kc5 58. Nxf5 Kc4 59. Nd4 Kd3 60. Nf5
1-0

[Event "Las Vegas National op"]
[Site "Las Vegas"]
[Date "2013.06.09"]
[Round "5"]
[White "Molner, Mackenzie"]
[Black "Corrales Jimenez, Fidel"]
[Result "1/2-1/2"]
[WhiteElo "2470"]
[BlackElo "2661"]
[PlyCount "80"]
[EventDate "2013.06.07"]
[EventType "swiss"]
[EventRounds "6"]
[EventCountry "USA"]
[SourceTitle "CBM 154 Extra"]
[Source "ChessBase"]
[SourceDate "2013.06.25"]

1. d4 Nf6 2. c4 e6 3. Nf3 Bb4+ 4. Bd2 Bxd2+ 5. Qxd2 d6 6. Nc3 Nc6 7. Rd1 Qe7 8.
g3 e5 9. Bg2 O-O 10. O-O Bg4 11. dxe5 dxe5 12. Nd5 Qd6 13. Qg5 Bxf3 14. Nxf6+
Qxf6 15. Qxf6 gxf6 16. Bxf3 Nd4 17. Kg2 c6 18. e3 Ne6 19. Rd7 Nc5 20. Rd6 e4
21. Bg4 Kg7 22. Bf5 a5 23. f3 exf3+ 24. Rxf3 Rfd8 25. Rd4 a4 26. Bc2 h5 27. Rf2
a3 28. bxa3 Re8 29. Rdf4 Re6 30. Rf5 b6 31. a4 Nxa4 32. Rxh5 Nc5 33. Rh7+ Kg8
34. Rh4 Rxe3 35. Rhf4 Re6 36. Rxf6 Rxf6 37. Rxf6 Rxa2 38. Rf2 Kg7 39. Bd1 Rxf2+
40. Kxf2 b5 1/2-1/2

[Event "Las Vegas National op"]
[Site "Las Vegas"]
[Date "2013.06.09"]
[Round "6"]
[White "Lenderman, Aleksandr"]
[Black "Molner, Mackenzie"]
[Result "0-1"]
[WhiteElo "2567"]
[BlackElo "2470"]
[PlyCount "54"]
[EventDate "2013.06.07"]
[EventType "swiss"]
[EventRounds "6"]
[EventCountry "USA"]
[SourceTitle "CBM 154 Extra"]
[Source "ChessBase"]
[SourceDate "2013.06.25"]

1. d4 Nf6 2. c4 g6 3. Nc3 d5 4. Nf3 Bg7 5. Qb3 dxc4 6. Qxc4 O-O 7. e4 a6 8. e5
b5 9. Qb3 Nfd7 10. Be2 c5 11. e6 cxd4 12. exf7+ Kh8 13. Ne4 Nc6 14. h4 h6 15.
Bg5 Nf6 16. Nxf6 exf6 17. Bd2 Qe7 18. Qc2 Nb4 19. Bxb4 Qxb4+ 20. Kf1 Bf5 21.
Bd3 Rac8 22. Qe2 Bxd3 23. Qxd3 Qxb2 24. Re1 Qxa2 25. Qxg6 Qxf7 26. Qf5 Qc4+ 27.
Kg1 Rc5 0-1

[Event "World op 41st"]
[Site "Arlington"]
[Date "2013.07.06"]
[Round "7"]
[White "Bodek, Michael H"]
[Black "Molner, Mackenzie"]
[Result "0-1"]
[WhiteElo "2386"]
[BlackElo "2501"]
[Annotator "Mac"]
[PlyCount "62"]
[EventDate "2013.07.01"]
[EventType "swiss"]
[EventRounds "9"]
[EventCountry "USA"]
[SourceTitle "CBM 155 Extra"]
[Source "ChessBase"]
[SourceDate "2013.08.26"]

1. e4 c5 2. Nf3 d6 3. d4 cxd4 4. Nxd4 Nf6 5. Nc3 a6 6. f3 e5 7. Nb3 Be6 8. Be3
h5 9. Qd2 Nbd7 10. Nd5 Bxd5 11. exd5 g6 12. Na5 (12. Be2 Bg7 (12... Qc7 13. Rc1
a5) 13. O-O b6) (12. Kf2) 12... Qc7 13. c4 Bg7 14. Rc1 O-O 15. Be2 e4 16. b4 (
16. f4 Nc5 17. b4 Ng4 $3) 16... exf3 17. gxf3 Rfe8 18. O-O Re7 (18... Rxe3 19.
Qxe3 Re8 20. Qd2 Qb6+ 21. Kh1 Bh6 22. f4 Ne4) 19. Rf2 Rae8 20. Bd4 Kh7 21. Qb2
Bh6 22. Rc2 Be3 23. Bxf6 Nxf6 24. Qxf6 Re5 25. c5 (25. Qh4 Rg5+ 26. Kh1 Qe7)
25... dxc5 26. d6 Qd7 27. Nc4 Rg5+ 28. Kh1 Re6 29. Qxg5 Bxg5 30. bxc5 Qb5 31.
Nd2 Rxe2 0-1

[Event "Quebec-ch op"]
[Site "Montreal"]
[Date "2013.07.21"]
[Round "1"]
[White "Song, Michael"]
[Black "Molner, Mackenzie"]
[Result "0-1"]
[WhiteElo "2242"]
[BlackElo "2501"]
[PlyCount "50"]
[EventDate "2013.07.21"]
[EventType "swiss"]
[EventRounds "9"]
[EventCountry "CAN"]
[SourceTitle "EXT 2014"]
[Source "ChessBase"]
[SourceDate "2013.11.20"]

1. d4 Nf6 2. c4 g6 3. Nc3 d5 4. Nf3 Bg7 5. Qb3 dxc4 6. Qxc4 O-O 7. e4 a6 8. Be2
b5 9. Qb3 c5 10. dxc5 Be6 11. Qc2 Nbd7 12. Ng5 Nxc5 13. Be3 Rc8 14. Bxc5 Rxc5
15. Nxe6 fxe6 16. Qb3 Qb6 17. O-O Qc6 18. Bf3 Nd7 19. Bg4 Rc4 20. Be2 Nc5 21.
Qc2 Rd4 22. f3 Rfd8 23. Rfd1 b4 24. Nb1 Rxd1+ 25. Bxd1 Bxb2 0-1